Physics: I Puc text book (Record no. 216030)

MARC details
000 -LEADER
fixed length control field 00439nam a2200169Ia 4500
008 - FIXED-LENGTH DATA ELEMENTS--GENERAL INFORMATION
fixed length control field 210719s2014 xx 000 0 und d
041 ## - LANGUAGE CODE
Language code of text/sound track or separate title eng
082 ## - DEWEY DECIMAL CLASSIFICATION NUMBER
Classification number 530 SHRP
100 ## - MAIN ENTRY--PERSONAL NAME
Personal name SHRIDHAR (A);RAO (Sudhakar)
245 ## - TITLE STATEMENT
Title Physics: I Puc text book
260 ## - PUBLICATION, DISTRIBUTION, ETC.
Place of publication, distribution, etc. Mangalore
Name of publisher, distributor, etc. Boscoss Publications
Date of publication, distribution, etc. 2014
300 ## - PHYSICAL DESCRIPTION
Extent 548
Other physical details PB
365 ## - TRADE PRICE
Price amount 356
Currency code Rs
650 ## - SUBJECT ADDED ENTRY--TOPICAL TERM
Topical term or geographic name entry element Physics
650 ## - SUBJECT ADDED ENTRY--TOPICAL TERM
Topical term or geographic name entry element Physics
906 ## - LOCAL DATA ELEMENT F, LDF (RLIN)
a book ; I ; Physics: ; Puc ; text
Holdings
Withdrawn status Lost status Damaged status Not for loan Collection code Home library Current library Date acquired Source of acquisition Cost, normal purchase price Total Checkouts Full call number Barcode Date last seen Price effective from Koha item type
          St Aloysius Library St Aloysius Library 10/06/2020 General Annual 356.00   530 SHRP D04666 07/19/2021 07/19/2021 Donated Books